[Event "AUTO-OPEN-3102"]
[Site "http://www.queenalice.com/game.php?id=1225135"]
[Date "2013.10.16"]
[Round "1"]
[White "Lordofchess"]
[Black "ggg09"]
[Result "0-1"]
[WhiteElo "1485"]
[BlackElo "2203"]

1. e4 e6 2. d4 d5 3. Bb5+ Bd7 4. Bd3 c5 5. Be3 cxd4 6. Bxd4 Nc6 7. Be3 Nf6 8.
Nh3 dxe4 9. Be2 e5 10. Nc3 Bxh3 11. gxh3 Bb4 12. Qd2 Qxd2+ 13. Bxd2 O-O 14.
O-O-O Nd4 15. Rhe1 Bxc3 16. Bxc3 Rfd8 17. Rd2 Nc6 18. Bb5 Nd4 19. Bc4 Nf3 20.
Rxd8+ Rxd8 21. Rd1 Nd4 22. Bb4 Rc8 23. b3 b5 24. c3 Nc6 25. Kb2 bxc4 26. bxc4
Rb8 27. Ka3 a5 28. Bxa5 Nxa5 29. Ka4 Nxc4 30. a3 Nb2+ 31. Ka5 Nxd1 0-1

[Event "AUTO-OPEN-3102"]
[Site "http://www.queenalice.com/game.php?id=1225136"]
[Date "2013.10.16"]
[Round "1"]
[White "ggg09"]
[Black "Lordofchess"]
[Result "1-0"]
[WhiteElo "2153"]
[BlackElo "1496"]

1. e4 Nc6 2. d4 e6 3. Nc3 d6 4. Bb5 a6 5. Ba4 b5 6. Bb3 Qf6 7. d5 Nd4 8. Be3
Nxb3 9. cxb3 b4 10. Na4 Be7 11. Rc1 Nh6 12. Rxc7 O-O 13. Bxh6 Qxh6 14. Rxe7 Qg6
15. Qf3 e5 16. Ne2 Bg4 17. Qg3 Rac8 18. f3 Rc2 19. Qxg4 Qxg4 20. fxg4 Rfc8 21.
Rf1 f6 22. g5 Kf8 23. gxf6 gxf6 24. Rd7 Ke8 25. Rxd6 R2c7 26. Rdxf6 Re7 27. Nb6
Rb8 28. Rf8# 1-0

[Event "AUTO-INT-2741"]
[Site "http://www.queenalice.com/game.php?id=1225379"]
[Date "2013.10.17"]
[Round "1"]
[White "renet54"]
[Black "Lordofchess"]
[Result "0-1"]
[WhiteElo "1551"]
[BlackElo "1530"]

1. e4 e5 2. Nf3 d6 3. d4 Nc6 4. d5 Nce7 5. Be2 Ng6 6. O-O Nh4 7. Bg5 Be7 8. Be3
Nxg2 9. Bb5+ Bd7 10. Bd3 Nxe3 11. fxe3 Bh4 12. Nbd2 Nh6 13. Qe2 Qf6 14. Bb5 Rd8
15. a4 O-O 16. Nc4 Qg6+ 17. Kh1 Qxe4 18. Nd2 Qxc2 19. Rac1 Qxb2 20. Nxh4 Qb4 21.
Rg1 Qxh4 22. Nf3 Qe4 23. Qg2 g6 24. Rcd1 Bg4 25. Be2 Qxe3 26. Rde1 e4 27. h3 Bh5
28. Ng5 Bxe2 29. Rxe2 Qd4 30. Rxe4 Qxd5 31. Rge1 Qc6 32. h4 d5 33. Re5 Qxa4 34.
h5 Qh4+ 35. Nh3 Ng4 36. hxg6 Nxe5 37. Rxe5 fxg6 38. Kh2 d4 39. Re4 Qf6 40. Rf4
Qe7 41. Re4 Qd6+ 42. Kg1 d3 0-1

[Event "AUTO-INT-2741"]
[Site "http://www.queenalice.com/game.php?id=1225380"]
[Date "2013.10.17"]
[Round "1"]
[White "Lordofchess"]
[Black "renet54"]
[Result "0-1"]
[WhiteElo "1532"]
[BlackElo "1528"]

1. e4 e5 2. Bc4 Nf6 3. Qe2 Bc5 4. Nf3 O-O 5. d3 Nc6 6. c3 d6 7. d4 exd4 8. cxd4
Bxd4 9. Nxd4 Nxd4 10. Qd3 Nc6 11. Qg3 h6 12. Bxh6 Nh5 13. Qg5 Qxg5 14. Bxg5 Nd4
15. Na3 Bd7 16. O-O Rae8 17. Rae1 c5 18. h3 Bc6 19. f3 Ng3 20. Rf2 d5 21. Kh2
Nh5 22. g4 dxc4 23. gxh5 f6 24. Bf4 f5 25. Nxc4 fxe4 26. fxe4 Bxe4 27. Nd6 Re6
28. Nxe4 Nc2 29. Ree2 Nd4 30. Re3 Nf5 31. Re1 Rfe8 32. Bd2 Nd4 33. Rff1 Nc2 34.
Nxc5 Rxe1 35. Bxe1 Nxe1 36. Nd7 Re2+ 37. Kg1 Nd3 38. Rf8+ Kh7 39. Kf1 Rxb2 40.
Rb8 Rxa2 41. Rxb7 Nf4 42. Nf8+ Kh6 43. Rf7 Nxh3 44. Rf3 Rf2+ 45. Rxf2 Nxf2 46.
Kxf2 Kxh5 47. Kg3 a5 48. Ne6 g5 49. Nd4 a4 50. Nc2 Kg6 51. Kg4 Kf6 52. Kh5 Kf5
53. Ne3+ Kf4 54. Nd5+ Kf5 55. Ne7+ Kf4 56. Nd5+ Kf5 57. Nc3 a3 58. Na2 Kf4 59.
Nc3 g4 60. Kh4 Kf3 61. Na2 g3 62. Nc3 g2 0-1

[Event "AUTO-INT-2741"]
[Site "http://www.queenalice.com/game.php?id=1225391"]
[Date "2013.10.17"]
[Round "1"]
[White "carpielo"]
[Black "Lordofchess"]
[Result "1-0"]
[WhiteElo "1660"]
[BlackElo "1494"]

1. e4 e5 2. d4 Bb4+ 3. c3 Be7 4. dxe5 Nc6 5. Bf4 d6 6. exd6 Bxd6 7. Bxd6 Qxd6 8.
Qxd6 cxd6 9. Bb5 Ne7 10. Nf3 O-O 11. O-O a6 12. Bxc6 Nxc6 13. b4 b5 14. Nbd2 Ne5
15. Nxe5 dxe5 16. f4 exf4 17. Rxf4 g5 18. Rf6 Kg7 19. e5 Re8 20. Raf1 Rxe5 21.
Rxf7+ Kg6 22. R1f6+ Kh5 23. Rxh7+ Kg4 24. h3+ Kg3 25. Rf3# 1-0

[Event "AUTO-INT-2741"]
[Site "http://www.queenalice.com/game.php?id=1225392"]
[Date "2013.10.17"]
[Round "1"]
[White "Lordofchess"]
[Black "carpielo"]
[Result "0-1"]
[WhiteElo "1525"]
[BlackElo "1723"]

1. e4 e5 2. Bc4 Nf6 3. d3 Bc5 4. Qf3 O-O 5. Bh6 gxh6 6. Qg3+ Kh8 7. Qxe5 d6 8.
Qc3 Be6 9. e5 Bxc4 10. Qxc4 Nh5 11. exd6 Qxd6 12. Nc3 Qe6+ 13. Nge2 Qxc4 14.
dxc4 Nc6 15. O-O-O Bxf2 16. Rhf1 Be3+ 17. Kb1 Rg8 18. g3 Rg4 19. Nd5 Rc8 20.
Rxf7 Rxc4 21. Nxe3 Re4 22. Rd3 Kg8 23. Rf5 Ng7 24. Nc3 Rxe3 25. Rxe3 Nxf5 26.
Rf3 Re8 27. b3 Ncd4 28. Rf4 Re1+ 29. Kb2 Rh1 30. Re4 Rxh2 31. Ka3 Rxc2 32. Nd5
Re2 33. Rg4+ Kf7 34. Rf4 Kg6 35. g4 c6 36. gxf5+ Kg5 37. Rxd4 cxd5 38. Rxd5 Re7
39. Kb4 h5 40. Kc4 h4 41. f6+ Kxf6 42. Rh5 Re4+ 43. Kd3 Kg6 44. Kxe4 Kxh5 45.
Kf3 Kg5 46. Kg2 Kg4 47. Kh2 h3 48. a4 a5 49. Kh1 Kg3 50. Kg1 Kf3 51. Kh2 Ke3 52.
Kxh3 Kd3 53. Kh4 Kc3 54. Kh5 Kxb3 55. Kh6 Kxa4 56. Kxh7 b5 57. Kg6 b4 0-1

[Event "AUTO-INT-2741"]
[Site "http://www.queenalice.com/game.php?id=1225399"]
[Date "2013.10.17"]
[Round "1"]
[White "Lordofchess"]
[Black "Nias"]
[Result "0-1"]
[WhiteElo "1547"]
[BlackElo "1635"]

1. e4 e6 2. d4 c5 3. e5 cxd4 4. Qxd4 Nc6 5. Qe4 d5 6. exd6 Qxd6 7. Bd2 Nf6 8.
Qe3 Nd5 9. Qe4 Nf6 10. Qf4 Nd4 11. Na3 Qb6 12. Bc3 Bc5 13. Nc4 Qd8 14. O-O-O Nd5
15. Qg3 Nf5 16. Qh3 Bxf2 17. Nf3 e5 18. Bxe5 Nfe3 19. Nd6+ Kf8 20. Qh5 Be6 21.
Bxg7+ Kxg7 22. Rd4 Nxc2 23. Ne5 Nxd4 24. Nexf7 Be3+ 25. Kd1 Qa5 26. Nc4 Nc3+ 27.
Ke1 Qxh5 0-1

[Event "AUTO-INT-2741"]
[Site "http://www.queenalice.com/game.php?id=1225400"]
[Date "2013.10.17"]
[Round "1"]
[White "Nias"]
[Black "Lordofchess"]
[Result "1-0"]
[WhiteElo "1699"]
[BlackElo "1509"]

1. e4 e5 2. d3 d5 3. a3 dxe4 4. dxe4 Qxd1+ 5. Kxd1 Bc5 6. Be3 Bxe3 7. fxe3 Nf6
8. Nc3 O-O 9. Bd3 Rd8 10. h3 Nc6 11. Ke2 Nh5 12. Kf2 Rd6 13. Nd5 Na5 14. Nxc7
Rb8 15. Nd5 Be6 16. Ne7+ Kf8 17. Nf5 Rb6 18. b4 Nc4 19. Nf3 a6 20. Bxc4 Bxc4 21.
Nxe5 Be6 22. g4 Nf6 23. Kf3 Nd7 24. Kf4 Rb5 25. Nxd7+ Bxd7 26. Nd6 Rb6 27. e5
Rc6 28. c4 h6 29. c5 g5+ 30. Ke4 b6 31. Rhf1 Ke7 32. Nxf7 bxc5 33. Nxh6 cxb4 34.
Rf7+ Kd8 35. Rd1 Rb7 36. Nf5 Rc4+ 37. Kf3 bxa3 38. Nd6 Rcb4 39. Nxb7+ Rxb7 40.
e6 a2 41. exd7 Rb1 42. Rf8+ Kc7 43. d8=Q+ 1-0

[Event "Challenge"]
[Site "http://www.queenalice.com/game.php?id=1226824"]
[Date "2013.10.24"]
[Round "-"]
[White "skimonline"]
[Black "Lordofchess"]
[Result "0-1"]
[WhiteElo "1390"]
[BlackElo "1537"]

1. d4 d5 2. Nc3 Nc6 3. e4 e6 4. e5 Bb4 5. a3 Ba5 6. b4 Bb6 7. Nce2 Nce7 8. Nf3
Nf5 9. g4 Nh4 10. Nf4 Nxf3+ 11. Qxf3 Bxd4 12. Ra2 Bxe5 13. Nd3 Bc3+ 14. Kd1 Nf6
15. Bd2 Ne4 16. Nc5 Nxd2 17. Qxc3 Ne4 18. Nxe4 dxe4+ 19. Qd2 Qf6 20. Qe3 Qe5 21.
f4 Qd5+ 22. Ke1 Qxa2 23. Qxe4 Qa1+ 24. Kf2 Qxa3 25. f5 Bd7 26. fxe6 Bxe6 27.
Qxb7 O-O 28. g5 Rad8 29. b5 Qc5+ 30. Kg3 Qxg5+ 31. Kf2 Rd2+ 32. Ke1 Qe3+ 0-1

[Event "AUTO-INT-2746"]
[Site "http://www.queenalice.com/game.php?id=1227126"]
[Date "2013.10.25"]
[Round "1"]
[White "Lordofchess"]
[Black "NickThorp"]
[Result "0-1"]
[WhiteElo "1547"]
[BlackElo "1705"]

1. e4 e5 2. d4 exd4 3. Qxd4 Nc6 4. Qc4 Nf6 5. Qc3 Bb4 6. Bc4 Bxc3+ 7. Nxc3 O-O
8. Bf4 d6 9. O-O-O Qe7 10. Nf3 Bg4 11. Nd5 Qxe4 12. h3 Bxf3 13. gxf3 Qxc4 14.
Rhg1 Nxd5 15. b3 Qxf4+ 0-1

[Event "AUTO-INT-2746"]
[Site "http://www.queenalice.com/game.php?id=1227127"]
[Date "2013.10.25"]
[Round "1"]
[White "NickThorp"]
[Black "Lordofchess"]
[Result "1-0"]
[WhiteElo "1637"]
[BlackElo "1537"]

1. e4 e5 2. Nf3 Nc6 3. Bb5 Bd6 4. d3 a6 5. Ba4 b5 6. Bb3 Nd4 7. Nxd4 exd4 8. O-O
Be5 9. Qf3 f6 10. Bxg8 Rxg8 11. Bf4 d6 12. Bxe5 dxe5 13. h3 c5 14. a3 b4 15.
axb4 Qb6 16. bxc5 Qxc5 17. c4 dxc3 18. Nxc3 Qb4 19. Rfb1 Ke7 20. Nd5+ Kf7 21.
Nxb4 a5 22. Qh5+ g6 23. Qxh7+ Rg7 24. Qh4 Be6 25. Nd5 Ra7 26. Qxf6+ Ke8 27.
Qxe6+ Kf8 28. Qf6+ Rgf7 29. Qd8+ Kg7 30. Rxa5 Rad7 31. Qg5 Rb7 32. Qxe5+ Kh7 33.
b4 Rf8 34. Ra6 Rg8 35. Nf6+ Kg7 36. Nxg8+ Kxg8 37. Rxg6+ 1-0

[Event "AUTO-INT-2746"]
[Site "http://www.queenalice.com/game.php?id=1227128"]
[Date "2013.10.25"]
[Round "1"]
[White "Lordofchess"]
[Black "kuntakinte"]
[Result "0-1"]
[WhiteElo "1498"]
[BlackElo "1683"]

1. e4 e5 2. d4 exd4 3. Qxd4 Nc6 4. Qd5 f6 5. Nf3 Nge7 6. Qc4 d6 7. Be2 d5 8.
exd5 Nxd5 9. a3 Be6 10. Nc3 Nb6 11. Qxe6+ Ne7 12. Nh4 Qd6 13. Bg4 g6 14. Bf4
Qxf4 15. g3 Qd6 16. O-O Rd8 17. Rad1 Qxe6 18. Bxe6 Bg7 19. Nb5 Na8 20. Rd3 c6
21. Rfd1 Rxd3 22. Rxd3 cxb5 23. Rd7 f5 24. Rxb7 a5 25. Rxb5 Nc6 26. Rb7 Bxb2 27.
Bd7+ Kd8 28. Bxc6 Nc7 29. Rb8+ Ke7 30. Rxh8 Bxh8 31. c4 Kd6 32. Bf3 Kc5 33. Be2
Ne6 34. f4 a4 35. Ng2 Bb2 36. Ne3 Bxa3 37. Nc2 Bb4 38. Kf2 Nd4 39. Nxb4 Kxb4 40.
Bd3 a3 41. Bb1 Kxc4 42. Ba2+ Kc3 43. Bg8 h5 44. Ke3 Nc2+ 45. Ke2 Kb2 46. Kd2 Nb4
47. h4 a2 48. Bxa2 Kxa2 49. Kc3 Ka3 50. Kd4 Nc2+ 51. Ke5 Ne3 52. Kf6 Nf1 53.
Kxg6 Nxg3 54. Kf6 Kb3 55. Ke5 Kc3 56. Kf6 Kd4 57. Kg6 Ke4 58. Kg5 Kf3 59. Kg6
Kxf4 60. Kf6 Kg4 0-1

[Event "AUTO-INT-2746"]
[Site "http://www.queenalice.com/game.php?id=1227129"]
[Date "2013.10.25"]
[Round "1"]
[White "kuntakinte"]
[Black "Lordofchess"]
[Result "1/2-1/2"]
[WhiteElo "1697"]
[BlackElo "1496"]

1. e4 e5 2. Nf3 Nc6 3. c3 Nf6 4. d3 d5 5. Bg5 Bg4 6. Be2 Be7 7. h3 Bxf3 8. Bxf3
dxe4 9. Bxe4 Nxe4 10. Bxe7 Nxe7 11. dxe4 Qxd1+ 12. Kxd1 O-O-O+ 13. Nd2 Ng6 14.
g3 Ne7 15. Kc2 Nc6 16. Rad1 Rd6 17. Kb1 Rhd8 18. Kc1 f6 19. Nc4 R6d7 20. h4 h5
21. Ne3 g6 22. g4 Ne7 23. f3 Rf8 24. Rh2 b6 25. Rhd2 Rfd8 26. a4 a5 27. Nd5 Nxd5
28. exd5 Kb7 29. b3 c6 30. dxc6+ Kxc6 31. c4 Rxd2 32. Rxd2 Rxd2 1/2-1/2

[Event "Challenge"]
[Site "http://www.queenalice.com/game.php?id=1227518"]
[Date "2013.10.26"]
[Round "-"]
[White "edemarc"]
[Black "Lordofchess"]
[Result "1-0"]
[WhiteElo "1598"]
[BlackElo "1508"]

1. e4 d5 2. e5 Nc6 3. Nf3 e6 4. d4 a6 5. Bg5 Nge7 6. Nbd2 Qd7 7. c3 Ng6 8. Qe2
b5 9. a3 Nce7 10. g3 c6 11. h4 Bb7 12. h5 O-O-O 13. Nb3 f6 14. hxg6 fxg5 15. Nc5
Qe8 16. gxh7 Qg6 17. a4 Rxh7 18. Rxh7 Qxh7 19. Nxg5 Qh6 20. Nf7 Qg6 21. Nd6+ Kc7
22. Ndxb7 Rb8 23. axb5 axb5 24. Qd1 Nf5 25. Ra7 Be7 26. Nd6+ Kb6 27. Ra6+ Kc7
28. Ra7+ Kd8 29. Ra6 Nxg3 30. Bd3 Qg5 31. Nf7+ Ke8 32. Nxg5 Bxg5 33. Bg6+ Kd8
34. Nxe6+ Ke7 35. Nxg5 Kd7 36. Ra7+ Kd8 37. Ne6+ Kc8 38. Nxg7 Kd8 39. fxg3 b4
40. Ne6+ Kc8 41. Qg4 Rb7 42. Nc5+ Kb8 43. Rxb7+ 1-0

[Event "Challenge"]
[Site "http://www.queenalice.com/game.php?id=1227785"]
[Date "2013.10.27"]
[Round "-"]
[White "eduardocosta"]
[Black "Lordofchess"]
[Result "1-0"]
[WhiteElo "1742"]
[BlackElo "1504"]

1. e3 e5 2. Be2 d5 3. Nf3 e4 4. Nd4 a6 5. c4 Be6 6. cxd5 Bxd5 7. Nc3 Nf6 8. b3
b5 9. Qc2 c6 10. O-O Nbd7 11. Nxd5 Nxd5 12. Nxc6 Qc7 13. Qxe4+ Ne7 14. Nxe7 Bxe7
15. Qxa8+ Nb8 16. Bb2 O-O 17. Bf3 Qd6 18. Bd4 Qh6 19. Qb7 Bd6 20. g3 Qh3 21. Bg2
Qg4 22. Ba7 Qe6 23. Bxb8 Rxb8 24. Qxa6 Qe5 25. d4 Qe7 26. Rfc1 Qd8 27. Rc6 Be7
28. Rac1 g6 29. Bh3 Kg7 30. Qa7 b4 31. Rc7 Bf6 32. Rxf7+ Kh6 33. Rxh7+ Kg5 34.
Rc5+ Be5 35. Rxe5+ Kf6 36. Qf7# 1-0

[Event "Challenge"]
[Site "http://www.queenalice.com/game.php?id=1228412"]
[Date "2013.10.30"]
[Round "-"]
[White "eduardocosta"]
[Black "Lordofchess"]
[Result "1-0"]
[WhiteElo "1709"]
[BlackElo "1547"]

1. e3 e5 2. Be2 a6 3. Nf3 e4 4. Nd4 d5 5. c4 Be6 6. cxd5 Bxd5 7. Qc2 Bd6 8. Nf5
Be5 9. O-O Ne7 10. Nxe7 Qxe7 11. Nc3 Be6 12. Qxe4 Qf6 13. d4 Bd6 14. Qxb7 Qh6
15. g3 O-O 16. Qxa8 Nd7 17. Qc6 Nf6 18. Qxa6 Ng4 19. Bxg4 Bxg4 20. f3 Be6 21.
Qe2 g5 22. Ne4 Be7 23. Nf2 f6 24. Bd2 Qg6 25. a4 c5 26. dxc5 Bxc5 27. b4 Bd6 28.
b5 h6 29. Ne4 Bc7 30. a5 h5 31. b6 Bd6 32. Nxd6 h4 33. Be1 f5 34. b7 hxg3 35.
Bxg3 f4 36. Be1 g4 37. fxg4 Qxg4+ 38. Qxg4+ Bxg4 39. Rxf4 Rxf4 40. b8=Q+ Rf8 41.
Qb4 Bd7 42. Bg3 Rf6 43. Qc4+ Kg7 44. Qc7 1-0

[Event "Challenge"]
[Site "http://www.queenalice.com/game.php?id=1228975"]
[Date "2013.11.1"]
[Round "-"]
[White "eduardocosta"]
[Black "Lordofchess"]
[Result "0-1"]
[WhiteElo "1703"]
[BlackElo "1501"]

1. e3 e5 2. Be2 Qg5 3. Bf3 Nf6 4. c3 e4 5. Nh3 Qe5 6. Be2 d5 7. Qb3 Nc6 8. Nf4
Bd7 9. Qxb7 Rb8 10. Qa6 Rb6 11. Qa4 Bd6 12. d4 exd3 13. Nxd3 Qg5 14. Bf3 Ne5 15.
Qd1 O-O 16. e4 Nxd3+ 17. Qxd3 dxe4 18. Bxe4 Qh5 19. Be3 Qh4 20. Bf3 Re8 21. b3
Bf4 22. Kf1 Bxe3 23. fxe3 Rbe6 24. Nd2 Rxe3 25. Qd4 Re1+ 26. Rxe1 Qxe1# 0-1

[Event "mesa 1 "]
[Site "http://www.queenalice.com/game.php?id=1230068"]
[Date "2013.11.5"]
[Round "-"]
[White "Herbert_Paulo"]
[Black "Lordofchess"]
[Result "1-0"]
[WhiteElo "1861"]
[BlackElo "1535"]

1. e4 e5 2. f4 exf4 3. Nf3 Nc6 4. Bc4 Nf6 5. Ng5 Ne5 6. d3 d6 7. d4 Nxc4 8. O-O
Ne3 9. Bxe3 fxe3 10. Qd3 Bg4 11. Qb3 Be7 12. Nxf7 Qd7 13. Nxh8 d5 14. Qxe3 dxe4
15. Nc3 Bf5 16. Rad1 O-O-O 17. Nf7 Rf8 18. Ne5 Qd6 19. Rxf5 Qb4 20. Nxe4 Qxb2
21. Nxf6 gxf6 22. Qh3 Qxc2 23. Rf2+ 1-0

[Event "Challenge"]
[Site "http://www.queenalice.com/game.php?id=1230259"]
[Date "2013.11.5"]
[Round "-"]
[White "serard1"]
[Black "Lordofchess"]
[Result "0-1"]
[WhiteElo "1407"]
[BlackElo "1514"]

1. e3 e5 2. Nc3 d5 3. Nf3 Nc6 4. Na4 a6 5. d4 Bd6 6. dxe5 Nxe5 7. Nc3 Nf6 8.
Nxd5 Be6 9. Nxe5 Bxe5 10. Nc3 Qe7 11. f4 Bg4 12. Be2 Rd8 13. Bd2 Qe6 14. O-O Bd6
15. h3 Bxh3 16. gxh3 Qxh3 17. Rf3 Qh4 18. Na4 Ng4 19. c4 Qh2+ 0-1

[Event "Challenge"]
[Site "http://www.queenalice.com/game.php?id=1230409"]
[Date "2013.11.6"]
[Round "-"]
[White "Lordofchess"]
[Black "Ana_Cris"]
[Result "0-1"]
[WhiteElo "1496"]
[BlackElo "1451"]

1. e4 d6 2. d4 f5 3. Nc3 Be6 4. Bd3 g6 5. exf5 gxf5 6. Qh5+ Kd7 7. d5 Qe8 8. Qe2
Bf7 9. Bxf5+ Kd8 10. Nf3 e6 11. dxe6 Bg6 12. Bg4 Ne7 13. Nd4 Bg7 14. Be3 Rf8 15.
O-O-O a6 16. Qc4 h5 17. Ndb5 Nbc6 18. Bh3 Bxc3 19. Rxd6+ Kc8 20. Qxc3 axb5 21.
Qb3 cxd6 22. Qxb5 Rxa2 23. Rd1 Ra1+ 24. Kd2 Rxd1+ 25. Kxd1 Bh7 26. g3 Qg6 27.
Qb3 Rxf2 28. Bxf2 Qf6 29. Be3 Qf3+ 30. Kd2 Nf5 31. Bf4 Nfd4 32. e7+ Kc7 33. e8=Q
Qf2+ 34. Kc3 Nxb3 35. Qd7+ Kb6 36. Kxb3 Qxc2+ 37. Ka3 Qc5+ 38. Ka2 Qc4+ 39. b3
Qc2+ 40. Ka3 Qc5+ 41. Kb2 Qc2+ 42. Ka3 Qc5+ 43. b4 Qc3+ 0-1

[Event "mesa 1"]
[Site "http://www.queenalice.com/game.php?id=1230608"]
[Date "2013.11.7"]
[Round "-"]
[White "Lordofchess"]
[Black "Herbert_Paulo"]
[Result "0-1"]
[WhiteElo "1510"]
[BlackElo "1947"]

1. e4 e5 2. Nf3 Nc6 3. a3 Nf6 4. Nc3 Be7 5. d4 exd4 6. Nxd4 Nxd4 7. Qxd4 d6 8.
Bd3 O-O 9. Qe3 Ng4 10. Qg3 Bh4 11. Qf3 Nxf2 12. Ke2 Bg4 13. Rg1 Bxf3+ 14. gxf3
Nxd3 15. cxd3 Kh8 16. h3 Qd7 17. Rh1 f5 18. Be3 fxe4 19. Nxe4 Qf5 20. Raf1 Qb5
21. b4 Qa4 22. Rhg1 Qxa3 23. Bd4 Rg8 24. Rg4 Qxb4 25. Bc3 Qb3 26. Rfg1 d5 27.
Rxg7 Qxc3 28. Nxc3 Rxg7 29. Rg4 Rxg4 30. hxg4 Re8+ 31. Kd2 Bf6 32. Nxd5 Be5 33.
f4 c6 34. d4 Bxd4 35. Nc7 Re7 36. Kd3 Rxc7 37. Kxd4 a5 38. Kc5 a4 39. Kb4 c5+
40. Kxa4 c4 41. Kb5 c3 42. Kb6 c2 43. Kxc7 b5 44. Kb6 c1=N 45. Kxb5 Ne2 46. f5
Kg7 47. Kc5 Kf6 48. Kd5 Ng1 49. Ke4 Nh3 50. Kf3 Ng5+ 51. Kf4 Nf7 52. Kg3 Ne5 53.
Kf4 Nf7 54. Ke4 Kg5 55. Kf3 Nh6 56. Ke4 Nxg4 57. Kf3 h5 58. Kg3 h4+ 59. Kh3 Nf2+
60. Kg2 Ne4 61. Kh3 Nf6 62. Kh2 Ng4+ 63. Kh3 Nf6 64. Kg2 Nd7 0-1

[Event "Challenge"]
[Site "http://www.queenalice.com/game.php?id=1235366"]
[Date "2013.11.26"]
[Round "-"]
[White "eduardocosta"]
[Black "Lordofchess"]
[Result "1-0"]
[WhiteElo "1750"]
[BlackElo "1517"]

1. e3 e5 2. Be2 a6 3. Nf3 e4 4. Nd4 d5 5. c4 Nf6 6. cxd5 Qxd5 7. Nc3 Qe5 8. Bc4
Bg4 9. Be2 h5 10. Qb3 b6 11. Bc4 Qe7 12. Nd5 1-0